000 00540cam a22001934a 4500
005 20250605164224.0
008 250528s ||||||||||||||||||||||||d
035 _a20788
020 _a9602864230
040 _aGR-AtMCL
_bgre
_dGR-AtMCL
_eAACR2
245 1 _aΑΝΑΛΥΤΙΚΗ ΛΟΓΙΣΤΙΚΗ ΕΚΜΕΤΑΛΛΕΥΣΗΣ
250 _a1
260 _bΈλλην,
_c1999
300 _a410
700 1 _aΜυριανθοπουλος Βασιλειου Γεωργιος
_96751
942 _cBK
999 _c5870
_d5870